MARC

LEADER 00000nam0a2200000 4500
001 57882
005 20231031054534.0
010 |a 5060011119 
035 |a (RuTPU)RU\TPU\book\61107 
090 |a 57882 
100 |a 20031119d1991 km y0rusy50 ca 
101 0 |a rus 
102 |a RU 
105 |a a z 000zy 
200 1 |a Ремонт и обслуживание радиотелевизионной аппаратуры  |f В. В. Полибин 
210 |a Москва  |c Высшая школа  |d 1991 
215 |a 302 с.  |c ил. 
610 1 |a радиоэлектронная аппаратура 
610 1 |a бытовая радиоаппаратура 
610 1 |a узлы 
610 1 |a трансформаторы 
610 1 |a дроссели 
610 1 |a полупроводниковые приборы 
610 1 |a электродвигатели 
610 1 |a приемные антенны 
610 1 |a акустические системы 
610 1 |a магнитофоны 
610 1 |a техническое обслуживание 
610 1 |a ремонт 
610 1 |a телевизоры 
610 1 |a неисправности 
610 1 |a испытания 
610 1 |a регулировка 
675 |a 621.396.6  |v 3 
675 |a 621.397.13  |v 3 
700 1 |a Полибин  |b В. В.  |g Валерий Васильевич 
801 1 |a RU  |b 63413507  |c 20031119  |g PSBO 
801 2 |a RU  |b 63413507  |c 20150616  |g PSBO 
942 |c BK